[Event "Titled Tuesday intern op 02nd Mar"]
[Site "Chess.com INT"]
[Date "2021.03.02"]
[Round "8"]
[White "Maksimovic, Bojan"]
[Black "Lysiak, Magdalena"]
[Result "1-0"]
[WhiteElo "2416"]
[BlackElo "2126"]
[PlyCount "65"]
[EventDate "2021.03.02"]
[EventType "swiss (blitz)"]
[EventRounds "11"]
[EventCountry "USA"]
[SourceTitle "CBM 201 Extra"]
[Source "ChessBase"]
[SourceDate "2021.05.31"]
[SourceVersion "1"]
[SourceVersionDate "2021.05.31"]
[SourceQuality "1"]

1. g3 Nf6 2. Bg2 g6 3. e4 d6 4. Ne2 Bg7 5. 0-0 0-0 6. d3 c5 7. f4 Nc6 8. h3 e5 9. f5 Nd4 10. g4 Ne8 11. Nbc3 Nc7 12. Ng3 b5 13. Be3 Rb8 14. Nd5 Nxd5 15. exd5 b4 16. c3 bxc3 17. bxc3 Nb5 18. Ne4 gxf5 19. gxf5 f6 20. Kh1 Kh8 21. Rb1 Qc7 22. a4 a6 23. axb5 axb5 24. Qh5 Bd7 25. Rg1 Be8 26. Qg4 Rg8 27. Bf3 Bf7 28. Qh4 Qe7 29. Rg4 b4 30. Rbg1 bxc3 31. Qxh7+ Kxh7 32. Rh4+ Bh6 33. Rxh6# 1-0

[Event "Titled Tuesday intern op 23rd Feb"]
[Site "Chess.com INT"]
[Date "2021.02.23"]
[Round "5"]
[White "Bogner, Sebastian"]
[Black "Lysiak, Magdalena"]
[Result "1-0"]
[WhiteElo "2577"]
[BlackElo "2126"]
[PlyCount "41"]
[EventDate "2021.02.23"]
[EventType "swiss (blitz)"]
[EventRounds "11"]
[EventCountry "USA"]
[SourceTitle "CBM 200 Extra"]
[Source "ChessBase"]
[SourceDate "2021.03.31"]
[SourceVersion "1"]
[SourceVersionDate "2021.03.31"]
[SourceQuality "1"]

1. e4 c6 2. d4 d5 3. Nc3 dxe4 4. Nxe4 Bf5 5. Ng3 Bg6 6. Nf3 Nd7 7. Bc4 e6 8. 0-0 Ngf6 9. Re1 Be7 10. Bb3 0-0 11. Nh4 Qc7 12. Nxg6 hxg6 13. Qf3 Bd6 14. c3 Nd5 15. h4 Rae8 16. h5 gxh5 17. Nxh5 N5f6 18. Bc2 e5 19. Bg5 Nxh5 20. Qxh5 f5 21. Bb3+ 1-0

[Event "Titled Tuesday intern op 23rd Feb"]
[Site "Chess.com INT"]
[Date "2021.02.23"]
[Round "4"]
[White "Lysiak, Magdalena"]
[Black "Belenkaya, Dina"]
[Result "1-0"]
[WhiteElo "2126"]
[BlackElo "2293"]
[PlyCount "75"]
[EventDate "2021.02.23"]
[EventType "swiss (blitz)"]
[EventRounds "11"]
[EventCountry "USA"]
[SourceTitle "CBM 200 Extra"]
[Source "ChessBase"]
[SourceDate "2021.03.31"]
[SourceVersion "1"]
[SourceVersionDate "2021.03.31"]
[SourceQuality "1"]

1. d4 d5 2. c3 Nf6 3. Bf4 c5 4. Nf3 Nc6 5. e3 Bg4 6. Nbd2 e6 7. Bb5 Qc8 8. h3 Bxf3 9. Nxf3 a6 10. Ba4 b5 11. Bc2 Be7 12. 0-0 0-0 13. Qd2 Ne4 14. Bxe4 dxe4 15. Ne5 Nxe5 16. Bxe5 Rd8 17. Qc2 Qb7 18. Rad1 Rac8 19. Qe2 c4 20. Qg4 Bf8 21. f3 f5 22. Qg3 a5 23. Rd2 b4 24. fxe4 Qxe4 25. Rf4 Qb1+ 26. Kh2 Qxa2 27. Rdf2 bxc3 28. bxc3 Qb3 29. e4 a4 30. exf5 exf5 31. Rxf5 Qb7 32. Rg5 g6 33. Rxg6+ hxg6 34. Qxg6+ Bg7 35. Qe6+ Kh7 36. Rf7 Qxf7 37. Qxf7 Rg8 38. Bxg7 1-0

[Event "Titled Tuesday intern op 16th Feb"]
[Site "Chess.com INT"]
[Date "2021.02.16"]
[Round "7"]
[White "Kovalev, Denis"]
[Black "Lysiak, Magdalena"]
[Result "1-0"]
[WhiteElo "2487"]
[BlackElo "2126"]
[PlyCount "79"]
[EventDate "2021.02.16"]
[EventType "swiss (blitz)"]
[EventRounds "11"]
[EventCountry "USA"]
[SourceTitle "EXT 2022"]
[Source "ChessBase"]
[SourceDate "2021.10.06"]
[SourceVersion "1"]
[SourceVersionDate "2021.10.06"]
[SourceQuality "1"]

1. Nf3 g5 2. Nxg5 e5 3. d4 Be7 4. Ne4 d5 5. Ng3 e4 6. e3 Nf6 7. Be2 Be6 8. c4 c6 9. Nc3 Qd7 10. 0-0 h5 11. Nxh5 Nxh5 12. Bxh5 Na6 13. cxd5 cxd5 14. f4 0-0-0 15. f5 Rdg8 16. fxe6 Qxe6 17. Kh1 Bd6 18. h3 Rg5 19. Nb5 Rhxh5 20. Nxd6+ Qxd6 21. Qe2 Nb4 22. Bd2 Nd3 23. Rxf7 Qe6 24. Rf8+ Kd7 25. Qf1 Qg6 26. Qf7+ Qxf7 27. Rxf7+ Ke6 28. Raf1 Rh6 29. Kh2 Nxb2 30. Rxb7 Nd3 31. Rxa7 Rgg6 32. g4 Kd6 33. Kg3 Kc6 34. Ra6+ Kb5 35. Rxg6 Rxg6 36. h4 Kc4 37. h5 Rb6 38. Rh1 Rb2 39. h6 Rxd2 40. h7 1-0

[Event "Titled Tuesday intern op 16th Feb"]
[Site "Chess.com INT"]
[Date "2021.02.16"]
[Round "11"]
[White "Lysiak, Magdalena"]
[Black "Mikhailovsky, Vladimir"]
[Result "0-1"]
[WhiteElo "2126"]
[BlackElo "2228"]
[PlyCount "56"]
[EventDate "2021.02.16"]
[EventType "swiss (blitz)"]
[EventRounds "11"]
[EventCountry "USA"]
[SourceTitle "EXT 2022"]
[Source "ChessBase"]
[SourceDate "2021.10.06"]
[SourceVersion "1"]
[SourceVersionDate "2021.10.06"]
[SourceQuality "1"]

1. d4 e5 2. dxe5 d6 3. Nf3 Nc6 4. e4 Nge7 5. Bb5 a6 6. Ba4 Bg4 7. Bb3 Ng6 8. Nc3 Ngxe5 9. Nxe5 Nxe5 10. Qd2 Be7 11. Nd5 0-0 12. Nxe7+ Qxe7 13. Qf4 Be6 14. Bxe6 fxe6 15. Qg5 Qd7 16. 0-0 Qc6 17. Bf4 Ng6 18. Bg3 Qxe4 19. Rfe1 Qf5 20. Qe3 e5 21. c4 Rae8 22. Rad1 h5 23. h3 h4 24. Bh2 Qf7 25. c5 d5 26. Bxe5 Rxe5 27. Qxe5 Qxf2+ 28. Kh1 Nxe5 0-1

[Event "Titled Tuesday intern op 26th Jan"]
[Site "Chess.com INT"]
[Date "2021.01.26"]
[Round "1"]
[White "Lysiak, Magdalena"]
[Black "Shankland, Samuel L"]
[Result "0-1"]
[WhiteElo "2126"]
[BlackElo "2691"]
[PlyCount "66"]
[EventDate "2021.01.26"]
[EventType "swiss (blitz)"]
[EventRounds "11"]
[EventCountry "USA"]
[SourceTitle "CBM 200 Extra"]
[Source "ChessBase"]
[SourceDate "2021.03.31"]
[SourceVersion "1"]
[SourceVersionDate "2021.03.31"]
[SourceQuality "1"]

1. d4 d5 2. c4 c6 3. Nc3 Nf6 4. cxd5 cxd5 5. Bf4 Nc6 6. e3 a6 7. Bd3 Bg4 8. f3 Bh5 9. Nge2 e6 10. 0-0 Bd6 11. Bxd6 Qxd6 12. Qd2 0-0 13. a3 Rfe8 14. Nf4 Bg6 15. Nxg6 hxg6 16. f4 b5 17. Na2 Rec8 18. Rfc1 Nd7 19. Nb4 Na5 20. Rc3 Nc4 21. Bxc4 dxc4 22. Rcc1 Nc5 23. Rc3 Nb3 24. Rxb3 cxb3 25. Rc1 Qd7 26. Nd3 Rxc1+ 27. Nxc1 Qd5 28. Ne2 Rc8 29. Nc3 Qc4 30. e4 a5 31. d5 exd5 32. Nxd5 Qc1+ 33. Qxc1 Rxc1+ 0-1

[Event "Titled Tuesday intern op 12th Jan"]
[Site "Chess.com INT"]
[Date "2021.01.12"]
[Round "4"]
[White "Lysiak, Magdalena"]
[Black "Kabanova, Ekaterina"]
[Result "0-1"]
[WhiteElo "2126"]
[BlackElo "2138"]
[PlyCount "120"]
[EventDate "2021.01.12"]
[EventType "swiss (blitz)"]
[EventRounds "11"]
[EventCountry "USA"]
[SourceTitle "CBM 200 Extra"]
[Source "ChessBase"]
[SourceDate "2021.03.31"]
[SourceVersion "1"]
[SourceVersionDate "2021.03.31"]
[SourceQuality "1"]

1. e4 c5 2. Nc3 a6 3. a4 b6 4. f4 Bb7 5. Nf3 e6 6. d4 cxd4 7. Nxd4 Qc7 8. Be2 Nf6 9. Bf3 d6 10. 0-0 Nbd7 11. Be3 Be7 12. Qe2 0-0 13. Rad1 Rac8 14. g4 h6 15. g5 hxg5 16. fxg5 Nh7 17. h4 Ne5 18. Bg4 Qc4 19. Rf2 Qxe2 20. Bxe2 g6 21. Kg2 Rc7 22. Nf3 Ng4 23. Bxb6 Rc6 24. Bd4 Nxf2 25. Bxf2 Rcc8 26. Bg3 Rfd8 27. Nd4 d5 28. exd5 Bb4 29. Ne4 Bxd5 30. Bf3 Bxe4 31. Bxe4 Bd6 32. Nc6 Bxg3 33. Rxd8+ Rxd8 34. Nxd8 Bxh4 35. a5 Bxg5 36. Bd3 Bxd8 37. b4 Be7 38. c3 Bf6 39. b5 Bxc3 40. b6 Bxa5 41. b7 Bc7 42. Bxa6 f5 43. Kf3 Kf7 44. Ke3 Nf6 45. Kd3 Ke7 46. Kc4 Kd6 47. Kb5 Nd7 48. b8Q Bxb8 49. Bb7 Bc7 50. Ka6 Nf6 51. Bh1 e5 52. Ka7 g5 53. Ka8 g4 54. Bf3 gxf3 55. Kb7 Nd7 56. Kc8 Nb6+ 57. Kb7 Nd5 58. Kc8 f2 59. Kb7 f1Q 60. Kc8 Qa6# 0-1

[Event "Titled Tuesday intern op 22nd Dec"]
[Site "Chess.com INT"]
[Date "2020.12.22"]
[Round "7"]
[White "Liyanage, Ranindu Dilshan"]
[Black "Lysiak, Magdalena"]
[Result "0-1"]
[WhiteElo "2178"]
[BlackElo "2126"]
[PlyCount "74"]
[EventDate "2020.12.22"]
[EventType "swiss (blitz)"]
[EventRounds "11"]
[EventCountry "USA"]
[SourceTitle "CBM 199 Extra"]
[Source "ChessBase"]
[SourceDate "2021.01.31"]
[SourceVersion "1"]
[SourceVersionDate "2021.01.31"]
[SourceQuality "1"]

1. e4 c5 2. Nf3 Nc6 3. d4 cxd4 4. c3 Nf6 5. e5 Nd5 6. cxd4 d6 7. Bc4 Nb6 8. Bb5 d5 9. h3 Bf5 10. Nc3 e6 11. 0-0 Be7 12. Bd3 Bxd3 13. Qxd3 Rc8 14. Bf4 0-0 15. g3 Qc7 16. Bg5 Nc4 17. Rab1 Nb4 18. Qe2 Bxg5 19. Nxg5 h6 20. Nf3 a6 21. Rfc1 Qb6 22. Na4 Qb5 23. Nc3 Qa5 24. a3 Nc6 25. Qd3 Ne7 26. g4 Rc7 27. Ne2 Rfc8 28. Rd1 Qb5 29. Ng3 Ng6 30. Nh5 Na5 31. Qe3 Qb3 32. Rd3 Qc2 33. Rbd1 Nc4 34. Qe1 Nxb2 35. R3d2 Qc3 36. Rb1 Nc4 37. Ra2 Qxf3 0-1

[Event "Titled Tuesday intern op 15st Dec"]
[Site "Chess.com INT"]
[Date "2020.12.15"]
[Round "1"]
[White "Lysiak, Magdalena"]
[Black "Shahade, Gregory P"]
[Result "1-0"]
[WhiteElo "2126"]
[BlackElo "2476"]
[PlyCount "37"]
[EventDate "2020.12.15"]
[EventType "swiss (blitz)"]
[EventRounds "11"]
[EventCountry "USA"]
[SourceTitle "CBM 199 Extra"]
[Source "ChessBase"]
[SourceDate "2021.01.31"]
[SourceVersion "1"]
[SourceVersionDate "2021.01.31"]
[SourceQuality "1"]

1. d4 Nf6 2. c4 g6 3. Nc3 d5 4. cxd5 Nxd5 5. e4 Nxc3 6. bxc3 Bg7 7. Bc4 c5 8. Ne2 Nc6 9. Be3 0-0 10. 0-0 e6 11. Qd2 b6 12. Rfd1 Bb7 13. Rac1 cxd4 14. cxd4 Na5 15. Bd3 Rc8 16. Bh6 Bxh6 17. Qxh6 Qe7 18. Ng3 f6 19. Qe3 1-0

[Event "Titled Tuesday intern op 15st Dec"]
[Site "Chess.com INT"]
[Date "2020.12.15"]
[Round "8"]
[White "Lysiak, Magdalena"]
[Black "Sztokbant, Bernardo Vainzoff"]
[Result "1-0"]
[WhiteElo "2126"]
[BlackElo "2194"]
[PlyCount "115"]
[EventDate "2020.12.15"]
[EventType "swiss (blitz)"]
[EventRounds "11"]
[EventCountry "USA"]
[SourceTitle "CBM 199 Extra"]
[Source "ChessBase"]
[SourceDate "2021.01.31"]
[SourceVersion "1"]
[SourceVersionDate "2021.01.31"]
[SourceQuality "1"]

1. d4 d5 2. c4 c6 3. Nc3 Nf6 4. Nf3 e6 5. Bg5 Nbd7 6. e3 Be7 7. Qc2 0-0 8. Bd3 b6 9. 0-0 Bb7 10. e4 dxe4 11. Nxe4 Nxe4 12. Bxe7 Qxe7 13. Bxe4 Nf6 14. Bd3 c5 15. Ng5 h6 16. Nh7 Nxh7 17. Bxh7+ Kh8 18. dxc5 g6 19. Bxg6 fxg6 20. Qxg6 Qg7 21. Qxg7+ Kxg7 22. cxb6 axb6 23. a3 Rad8 24. Rad1 Kf6 25. f4 Rg8 26. g3 h5 27. Kf2 h4 28. Rg1 Kf5 29. Rxd8 Rxd8 30. Ke3 Rg8 31. b4 h3 32. a4 Bg2 33. Rd1 Rxg3+ 34. hxg3 h2 35. Kd4 Bf3 36. Re1 h1Q 37. Rxh1 Bxh1 38. c5 bxc5+ 39. Kxc5 Kg4 40. b5 Kxg3 41. a5 Kxf4 42. b6 Bb7 43. Kb5 e5 44. a6 Bxa6+ 45. Kxa6 e4 46. b7 e3 47. b8Q+ Kf3 48. Qb1 Kf2 49. Qb6 Kf3 50. Qf6+ Kg2 51. Qg5+ Kf2 52. Qf4+ Ke2 53. Kb5 Kd3 54. Qc4+ Kd2 55. Qd4+ Ke2 56. Kc4 Kf3 57. Kd3 e2 58. Qe3+ 1-0

[Event "Titled Tuesday intern op 01st Dec"]
[Site "Chess.com INT"]
[Date "2020.12.01"]
[Round "3"]
[White "Halkias, Stelios"]
[Black "Lysiak, Magdalena"]
[Result "1/2-1/2"]
[WhiteElo "2567"]
[BlackElo "2126"]
[PlyCount "123"]
[EventDate "2020.12.01"]
[EventType "swiss (blitz)"]
[EventRounds "11"]
[EventCountry "USA"]
[SourceTitle "CBM 199 Extra"]
[Source "ChessBase"]
[SourceDate "2021.01.31"]
[SourceVersion "1"]
[SourceVersionDate "2021.01.31"]
[SourceQuality "1"]

1. Nf3 Nf6 2. c4 g6 3. g3 Bg7 4. Bg2 c5 5. 0-0 Nc6 6. Nc3 0-0 7. d4 cxd4 8. Nxd4 Nxd4 9. Qxd4 d6 10. Qd3 a6 11. Rd1 Qc7 12. Bf4 Be6 13. b3 Rfc8 14. Rac1 Nd7 15. Qe3 Rab8 16. Nd5 Bxd5 17. cxd5 Qd8 18. Bh3 Rxc1 19. Rxc1 Nf6 20. Qd3 Qa5 21. e4 Qxa2 22. Rc7 Nh5 23. Bg5 Qa1+ 24. Kg2 Bf6 25. Bxf6 Qxf6 26. Bc8 Qg5 27. Qf3 Qe5 28. Bxb7 Nf6 29. Bxa6 Nxe4 30. Bc4 Nd2 31. Qd3 Nxc4 32. Rxc4 Qb2 33. b4 Rxb4 34. Rc8+ Kg7 35. Qe3 Qf6 36. Rc7 Rb2 37. h4 h5 38. Rc4 Qe5 39. Qxe5+ dxe5 40. Rc7 Rd2 41. Rxe7 Rxd5 42. Kf3 Kf6 43. Ra7 Rd3+ 44. Ke2 Rb3 45. Ra6+ Kf5 46. Ra8 f6 47. Rf8 Rb2+ 48. Kf1 e4 49. Kg1 Rc2 50. Re8 Rc4 51. Kg2 Rc2 52. Re7 Re2 53. Re8 e3 54. Rxe3 Rxe3 55. fxe3 Ke4 56. Kf2 g5 57. g4 gxh4 58. gxh5 Kf5 59. Kf3 Kg5 60. h6 Kxh6 61. Kg4 Kg6 62. Kxh4 1/2-1/2

[Event "Titled Tuesday intern op 01st Dec"]
[Site "Chess.com INT"]
[Date "2020.12.01"]
[Round "6"]
[White "Lysiak, Magdalena"]
[Black "Leiva Rodriguez, Jeammarco Giuseppe"]
[Result "0-1"]
[WhiteElo "2126"]
[BlackElo "2391"]
[PlyCount "23"]
[EventDate "2020.12.01"]
[EventType "swiss (blitz)"]
[EventRounds "11"]
[EventCountry "USA"]
[SourceTitle "CBM 199 Extra"]
[Source "ChessBase"]
[SourceDate "2021.01.31"]
[SourceVersion "1"]
[SourceVersionDate "2021.01.31"]
[SourceQuality "1"]

1. d4 Nf6 2. c4 e6 3. Nc3 Bb4 4. Qc2 d6 5. e4 0-0 6. f4 Nc6 7. Nf3 e5 8. fxe5 dxe5 9. d5 Nd4 10. Qd3 Nxe4 11. Qxe4 Bf5 12. Qh4 0-1

[Event "Titled Tuesday intern op 01st Dec"]
[Site "Chess.com INT"]
[Date "2020.12.01"]
[Round "9"]
[White "Lysiak, Magdalena"]
[Black "Mendonca, Leon Luke"]
[Result "0-1"]
[WhiteElo "2126"]
[BlackElo "2530"]
[PlyCount "118"]
[EventDate "2020.12.01"]
[EventType "swiss (blitz)"]
[EventRounds "11"]
[EventCountry "USA"]
[SourceTitle "CBM 199 Extra"]
[Source "ChessBase"]
[SourceDate "2021.01.31"]
[SourceVersion "1"]
[SourceVersionDate "2021.01.31"]
[SourceQuality "1"]

1. d4 Nf6 2. c4 c5 3. d5 b5 4. Qc2 bxc4 5. e4 g6 6. Bxc4 Bg7 7. Nf3 d6 8. Bd2 0-0 9. Bc3 Ba6 10. Na3 Nfd7 11. 0-0 Nb6 12. Nd2 Nxc4 13. Naxc4 Nd7 14. Bxg7 Kxg7 15. f4 Nb6 16. Qc3+ Kg8 17. Rad1 Rb8 18. b3 Qd7 19. Rfe1 Nxc4 20. Nxc4 Bxc4 21. Qxc4 Rb4 22. Qc3 Rfb8 23. e5 Rxf4 24. e6 fxe6 25. Rxe6 Rbf8 26. Rde1 Qb5 27. Qc1 Qd3 28. Rxe7 Qxd5 29. R7e2 Qd4+ 30. Kh1 a5 31. h3 Rf2 32. Rxf2 Rxf2 33. Qg5 Rf7 34. Qh6 Rf8 35. Re7 Rf1+ 36. Kh2 Qf4+ 37. Qxf4 Rxf4 38. Ra7 Rf2 39. Rxa5 Kf7 40. Kg3 Rc2 41. Ra7+ Ke6 42. Rxh7 Rxa2 43. Rg7 Rb2 44. Rxg6+ Ke5 45. h4 Rxb3+ 46. Kg4 c4 47. h5 c3 48. Rg8 d5 49. Rc8 d4 50. h6 Rb7 51. Kg5 Ke4 52. Kg6 d3 53. h7 Rxh7 54. Rxc3 Rd7 55. Rc1 d2 56. Ra1 d1Q 57. Rxd1 Rxd1 58. g4 Rg1 59. g5 Kf4 0-1

[Event "Titled Tuesday intern op 01st Dec"]
[Site "Chess.com INT"]
[Date "2020.12.01"]
[Round "8"]
[White "Sliwicka, Alicja"]
[Black "Lysiak, Magdalena"]
[Result "1-0"]
[WhiteElo "2333"]
[BlackElo "2126"]
[PlyCount "89"]
[EventDate "2020.12.01"]
[EventType "swiss (blitz)"]
[EventRounds "11"]
[EventCountry "USA"]
[SourceTitle "CBM 199 Extra"]
[Source "ChessBase"]
[SourceDate "2021.01.31"]
[SourceVersion "1"]
[SourceVersionDate "2021.01.31"]
[SourceQuality "1"]

1. e4 c5 2. Nf3 Nc6 3. d4 cxd4 4. Nxd4 Nf6 5. Nc3 e5 6. Ndb5 d6 7. Bg5 a6 8. Na3 b5 9. Bxf6 gxf6 10. Nd5 f5 11. Bd3 Be6 12. 0-0 Bg7 13. Qh5 f4 14. c3 Ne7 15. Nxe7 Qxe7 16. Nc2 0-0 17. a4 Qd7 18. axb5 axb5 19. Nb4 Kh8 20. Qe2 Rg8 21. Bxb5 f3 22. Rxa8 Rxa8 23. Qd3 Qe7 24. Qxf3 Rf8 25. Bc6 f5 26. Bd5 fxe4 27. Qxe4 Bf5 28. Qe3 Qf6 29. Be4 Bh6 30. Qd3 Bc8 31. Nd5 Qg7 32. Qg3 Qxg3 33. hxg3 Bg5 34. b4 Be6 35. b5 Rb8 36. Rb1 Bxd5 37. Bxd5 Bd2 38. b6 Bxc3 39. b7 Bd4 40. Rc1 Ba7 41. Rc6 Kg7 42. Rxd6 Kf8 43. Re6 Kg7 44. Rxe5 Rf8 45. Re2 1-0

[Event "Titled Tuesday intern op 24th Nov"]
[Site "Chess.com INT"]
[Date "2020.11.24"]
[Round "1"]
[White "Halkias, Stelios"]
[Black "Lysiak, Magdalena"]
[Result "1-0"]
[WhiteElo "2565"]
[BlackElo "2126"]
[PlyCount "60"]
[EventDate "2020.11.24"]
[EventType "swiss (blitz)"]
[EventRounds "11"]
[EventCountry "USA"]
[SourceTitle "CBM 199 Extra"]
[Source "ChessBase"]
[SourceDate "2021.01.31"]
[SourceVersion "1"]
[SourceVersionDate "2021.01.31"]
[SourceQuality "1"]

1. Nf3 g5 2. d4 g4 3. Ne5 d6 4. Nd3 Bg7 5. e3 Nf6 6. c4 0-0 7. Nc3 Nbd7 8. Be2 h5 9. h3 gxh3 10. Rxh3 Nb6 11. Rh2 Bg4 12. Bxg4 hxg4 13. b3 e5 14. d5 Qd7 15. e4 g3 16. fxg3 Qg4 17. Qf3 c6 18. Bd2 cxd5 19. cxd5 Rac8 20. Rh4 Qg6 21. Ke2 Rfe8 22. Rah1 Nbxd5 23. Nxd5 Nxd5 24. Rg4 Rc2 25. Rxg6 Nc3+ 26. Ke1 fxg6 27. Nb4 Rb2 28. Qxc3 Rb1+ 29. Bc1 d5 30. Nxd5 b5 1-0

[Event "Titled Tuesday intern op 03rd Nov"]
[Site "Chess.com INT"]
[Date "2020.11.03"]
[Round "2"]
[White "Laurusas, Tomas"]
[Black "Lysiak, Magdalena"]
[Result "0-1"]
[WhiteElo "2506"]
[BlackElo "2126"]
[PlyCount "152"]
[EventDate "2020.11.03"]
[EventType "swiss (blitz)"]
[EventRounds "11"]
[EventCountry "USA"]
[SourceTitle "CBM 199 Extra"]
[Source "ChessBase"]
[SourceDate "2021.01.31"]
[SourceVersion "1"]
[SourceVersionDate "2021.01.31"]
[SourceQuality "1"]

1. d4 Nf6 2. c4 g6 3. Nc3 d5 4. Nf3 Bg7 5. Bg5 Ne4 6. cxd5 Nxg5 7. Nxg5 e6 8. Nf3 exd5 9. e3 c5 10. dxc5 Bxc3+ 11. bxc3 0-0 12. h4 Qa5 13. Rc1 Bg4 14. Qxd5 Rd8 15. Qb3 Nd7 16. Qb4 Qxa2 17. Qxg4 Ne5 18. Bc4 Nxf3+ 19. gxf3 Qd2+ 20. Kf1 Qxc1+ 21. Kg2 Qxc3 22. h5 Qf6 23. Rb1 Rab8 24. h6 b6 25. cxb6 axb6 26. Rc1 b5 27. Bb3 b4 28. Rc7 Rf8 29. f4 Qb6 30. Rd7 Qc6+ 31. Bd5 Qf6 32. Bb3 Rbd8 33. Rb7 Rb8 34. Ra7 Qf5 35. Qf3 Qc5 36. Rd7 Qb6 37. Qd5 Qf6 38. Kf3 Qf5 39. Qc6 Qh3+ 40. Ke2 Qh5+ 41. Kf1 Qb5+ 42. Qxb5 Rxb5 43. Ke2 Rbb8 44. Rd4 Rfd8 45. Re4 Re8 46. Rd4 Red8 47. Rc4 Kf8 48. Rc7 Kg8 49. Rxf7 Kh8 50. f5 Rdc8 51. fxg6 hxg6 52. Rf6 Rc3 53. Bd5 b3 54. Be4 b2 55. Rxg6 Rc1 56. f4 b1Q 57. Bxb1 Rcxb1 58. Kf3 R1b6 59. Rg5 Rxh6 60. e4 Kh7 61. e5 Rb3+ 62. Ke4 Rg6 63. Rh5+ Kg7 64. Rh1 Rg2 65. Rc1 Rb7 66. e6 Kf6 67. Rc6 Re7 68. f5 Rg4+ 69. Kf3 Ra4 70. Rc5 Rd4 71. Ke3 Rh4 72. Kf3 Rg7 73. Rb5 Rh5 74. Kf4 Rh4+ 75. Kf3 Rg5 76. e7 Kxe7 0-1

[Event "Titled Tuesday intern op 03rd Nov"]
[Site "Chess.com INT"]
[Date "2020.11.03"]
[Round "3"]
[White "Lysiak, Magdalena"]
[Black "Ajay, Karthikeyan"]
[Result "0-1"]
[WhiteElo "2126"]
[BlackElo "2315"]
[PlyCount "98"]
[EventDate "2020.11.03"]
[EventType "swiss (blitz)"]
[EventRounds "11"]
[EventCountry "USA"]
[SourceTitle "CBM 199 Extra"]
[Source "ChessBase"]
[SourceDate "2021.01.31"]
[SourceVersion "1"]
[SourceVersionDate "2021.01.31"]
[SourceQuality "1"]

1. d4 d5 2. c3 Nf6 3. Nf3 Bf5 4. Bf4 e6 5. e3 h6 6. Bd3 Bxd3 7. Qxd3 Nbd7 8. 0-0 c5 9. Nbd2 Qb6 10. e4 cxd4 11. cxd4 dxe4 12. Nxe4 Nxe4 13. Qxe4 Nf6 14. Qc2 Bd6 15. Qa4+ Ke7 16. Bxd6+ Qxd6 17. Qb5 Qb6 18. Qe2 Nd5 19. Rfe1 Rac8 20. Ne5 Rhd8 21. Qh5 Rf8 22. Ng6+ fxg6 23. Qxd5 Rc2 24. Qe5 Rfxf2 25. Qxg7+ Kd6 26. Kh1 Qc6 27. d5 Qxd5 28. Rad1 Rcd2 29. Rxd2 Rxd2 30. Qf8+ Kc6 31. Rc1+ Kb5 32. Qf1+ Qd3 33. Qg1 b6 34. Qe1 Qe2 35. Qg1 e5 36. b3 e4 37. Re1 Qf2 38. Rxe4 Qxg1+ 39. Kxg1 Rxa2 40. Re6 Rb2 41. Rxg6 Rxb3 42. Rxh6 a5 43. g4 a4 44. Rh8 Rb4 45. h3 a3 46. Ra8 Ra4 47. Rc8 a2 48. Rc1 Rb4 49. Kg2 Rb1 0-1

[Event "Speed Chess Super Swiss"]
[Site "Chess.com INT"]
[Date "2020.10.03"]
[Round "5"]
[White "Lysiak, Magdalena"]
[Black "Wagh, Suyog"]
[Result "0-1"]
[WhiteElo "2126"]
[BlackElo "2246"]
[PlyCount "136"]
[EventDate "2020.10.03"]
[EventType "swiss (blitz)"]
[EventRounds "15"]
[EventCountry "USA"]
[SourceTitle "CBM 198 Extra"]
[Source "ChessBase"]
[SourceDate "2020.11.30"]
[SourceVersion "1"]
[SourceVersionDate "2020.11.30"]
[SourceQuality "1"]

1. d4 d6 2. c4 g6 3. Nc3 Bg7 4. e4 Nc6 5. Be3 e5 6. Nge2 exd4 7. Nxd4 Nge7 8. Be2 0-0 9. 0-0 Re8 10. Qd2 Bd7 11. Rad1 a5 12. b3 a4 13. Nxa4 Nxd4 14. Bxd4 Bxd4 15. Qxd4 Bxa4 16. bxa4 Nc6 17. Qb2 b6 18. Qb5 Na7 19. Qd5 Re5 20. Qxe5 dxe5 21. Rxd8+ Rxd8 22. Rd1 Rxd1+ 23. Bxd1 Kf8 24. Kf1 Ke7 25. Ke2 Kd6 26. Kd3 Kc5 27. Kc3 Nc8 28. f3 Ne7 29. a3 Nc6 30. Bc2 Nd4 31. Bd3 Ne6 32. g3 g5 33. Be2 Nd8 34. Bd1 Nc6 35. Kd3 Na5 36. Kc3 Nxc4 37. Bb3 Nd6 38. h4 f6 39. h5 g4 40. Bd1 gxf3 41. Bxf3 h6 42. Bg2 Nf7 43. g4 Ng5 44. Kd3 Kc6 45. Kc4 Ne6 46. Bf3 Nf8 47. Bg2 Ne6 48. Kb4 Nd8 49. a5 Kb7 50. axb6 cxb6 51. Kb5 Ne6 52. a4 Nc7+ 53. Kc4 Kc6 54. Bf1 Ne6 55. Kb4 Nc5 56. Bb5+ Kd6 57. a5 bxa5+ 58. Kxa5 Nxe4 59. Kb4 Kd5 60. Be2 Kd4 61. Bd1 Nc3 62. Bf3 e4 63. Bg2 e3 64. Bf1 e2 65. Bxe2 Nxe2 66. Kb5 Nf4 67. Kc6 Ke5 68. g5 fxg5 0-1

[Event "Speed Chess Super Swiss"]
[Site "Chess.com INT"]
[Date "2020.10.03"]
[Round "13"]
[White "Rodchenkov, Sergey D"]
[Black "Lysiak, Magdalena"]
[Result "1-0"]
[WhiteElo "2346"]
[BlackElo "2126"]
[PlyCount "114"]
[EventDate "2020.10.03"]
[EventType "swiss (blitz)"]
[EventRounds "15"]
[EventCountry "USA"]
[SourceTitle "CBM 198 Extra"]
[Source "ChessBase"]
[SourceDate "2020.11.30"]
[SourceVersion "1"]
[SourceVersionDate "2020.11.30"]
[SourceQuality "1"]

1. e4 c6 2. Nf3 d5 3. exd5 cxd5 4. d4 Nc6 5. c4 Nf6 6. Nc3 Bg4 7. Bg5 e6 8. cxd5 exd5 9. Be2 Be7 10. 0-0 0-0 11. Re1 h6 12. Bh4 Rc8 13. Ne5 Bxe2 14. Rxe2 Qd6 15. h3 Rfe8 16. Bg3 Qb4 17. Qd3 Qxd4 18. Rd1 Qxd3 19. Rxd3 Nxe5 20. Rxe5 Rcd8 21. Nxd5 Nxd5 22. Rexd5 Rxd5 23. Rxd5 Bf6 24. Rd7 Bxb2 25. Rxb7 Bd4 26. Kf1 Rc8 27. Rd7 Bb6 28. Ke2 Rc2+ 29. Rd2 Rc1 30. Kd3 Kh7 31. Rc2 Rg1 32. f3 Kg6 33. Bf4 Rd1+ 34. Ke2 Rd7 35. g4 f6 36. h4 Kf7 37. h5 g6 38. hxg6+ Kxg6 39. Rc8 Re7+ 40. Kd3 f5 41. Rc6+ Kf7 42. gxf5 h5 43. Rh6 Rd7+ 44. Ke4 Kg7 45. Rxh5 Rd4+ 46. Ke5 Rd3 47. f6+ Kg6 48. Rh6+ Kf7 49. Rh7+ Kg8 50. Rg7+ Kh8 51. Ke4 Rd4+ 52. Kf5 Rd1 53. Be5 Rh1 54. f4 a5 55. a4 Bc7 56. Rxc7 Rh5+ 57. Ke6 Rxe5+ 1-0

[Event "Titled Tuesday intern op 11th Aug"]
[Site "Chess.com INT"]
[Date "2020.08.11"]
[Round "2"]
[White "Wagner, Dennis"]
[Black "Lysiak, Magdalena"]
[Result "1-0"]
[WhiteElo "2581"]
[BlackElo "2126"]
[PlyCount "53"]
[EventDate "2020.08.11"]
[EventType "swiss (blitz)"]
[EventRounds "10"]
[EventCountry "USA"]
[SourceTitle "CBM 197 Extra"]
[Source "ChessBase"]
[SourceDate "2020.09.30"]
[SourceVersion "1"]
[SourceVersionDate "2020.09.30"]
[SourceQuality "1"]

1. c4 Nf6 2. Nc3 d5 3. cxd5 Nxd5 4. Nf3 c5 5. d4 Nxc3 6. bxc3 g6 7. e4 Bg7 8. Be3 0-0 9. Be2 cxd4 10. cxd4 Qa5+ 11. Bd2 Qa3 12. 0-0 Bg4 13. Rb1 Qxa2 14. Rxb7 Bxf3 15. Bxf3 Bxd4 16. e5 Na6 17. Bh6 Rfd8 18. Qc1 Rac8 19. Qf4 Rc2 20. Rxe7 Rxf2 21. Qxd4 Rxf1+ 22. Kxf1 Qb1+ 23. Kf2 Qc2+ 24. Kg3 Rc8 25. e6 f6 26. Qxf6 Qc7+ 27. Rxc7 1-0